| 000 | 02362nam a2200265 i 4500 | ||
|---|---|---|---|
| 003 | DO-SdBNP | ||
| 005 | 20240715092554.0 | ||
| 006 | a||||gr|||| 00| 0 | ||
| 007 | ta | ||
| 008 | 240408m20032004dr adc|| |||| 00| 0 spa d | ||
| 040 |
_aDO-SdBNP _bspa _cBNPHU _edr |
||
| 082 | 4 |
_222 _bP273r |
|
| 100 | 1 |
_aOlivares Eddy _933814 _eautor |
|
| 245 | 1 | 0 |
_aRendición de cuentas a la comunidad: _bmemorias sobre el primer año de gestion agosto 2003 - 2004/ _cEddy Olivares |
| 246 | 1 | 4 |
_aRendición de cuentas de la fiscalía a la comunidad: _binforme del Magistrado Porucurador Fiscal de la provincia Santo Domingo, Lic, Eddy Olivares, |
| 264 |
_aSanto Domingo : _bUSAID, _c2003 - 2004 |
||
| 300 |
_axiii, 101 páginas : _bIlustraciones, gráficas, retratos ; _c21 cm. |
||
| 336 |
_2rdacontent _atexto _btxt |
||
| 337 |
_2rdamedia _asin mediación _bn |
||
| 338 |
_2rdacarrier _avolumen _bnc |
||
| 505 |
_aPresentación.-- _gIntroducción. _gCapítulo I. _tLa Identidad Visual de la Fiscalía.-- La Misión.-- La Visión.-- _gCapítulo II. _tOrigen de la Provincia Santo Domingo.-- Cración e instalación del Distrito Judicial.-- Designación de los Jueces e instalación de los Trinitarios.-- _gCapítulo III. _tInstalación de la Fiscalía.-- Gestión para el Presupuesto de la Suprema Corte de Justicia.-- Diligencias para un Presupuesto Especial para la fiscalía.-- _gCapítulo IV. _tInicio de actividades.-- La Estructura de la Fiscalía.-- _gCapítulo V. _tInformes delos Departamentos de la Fiscalía.--Querellas y Conciliaciones.-- Mediación comunitaria.-- Forma de selección de los Mediadores Comunitarios.--Destacamento de la Policía Nacional.-- Departamento de Salas Penales.-- Departamento de asuntos Civiles y Ejecuciones.-- Departamento de Familia y Menores.-- Destacamento de Protección a la Mujer y la Familia de Alma Rosa.-- Departamento de Abuso Sexual.-- Delitos contra la vida (Homicidio).-- Departamento Médico Legista.-- Delito contra la Propiedad (Robo).-- Departamento de Recuperación de Vehículos.-- Departamento de Falsificaciones.-- Dirección Nacional de Control de Drogas.-- Propiedad Intelectual.-- _gCapítulo VI. _tLa Seguridad ciudadana en la Provincia Santo Domingo.-- Encuentros con los barrios.-- _tAnexos. |
||
| 590 | _aInventariado 2024 / MF | ||
| 710 |
_aEstados Unidos . _b Agency for International Development _983946 |
||
| 942 |
_2ddc _cLBS1 |
||
| 999 |
_c56297 _d56297 |
||